The economics of tourism and sustainable development

Αποθηκεύτηκε σε:
Λεπτομέρειες βιβλιογραφικής εγγραφής
Άλλοι συγγραφείς: Lanza, Alessandro (Επιμελητής έκδοσης), Markandya, Anil, 1945- (Επιμελητής έκδοσης), Pigliaru, Francesco (Επιμελητής έκδοσης)
Μορφή: Βιβλίο
Γλώσσα:English
Δημοσίευση: Cheltenham, UK : E. Elgar, 2005
Σειρά:Fondazione Eni Enrico Mattei (FEEM) series on economics and the environment
Θέματα:
Ετικέτες: Προσθήκη ετικέτας
Δεν υπάρχουν, Καταχωρήστε ετικέτα πρώτοι!

MARC

LEADER 00000cam a2200000 i 4500
001 1/77406
008 080314s2005 eng d
020 |a 978-1-84542-401-5 
035 |l 10095432 
040 |a GR-MY-UA  |b gre  |e aacr 
041 0 |a eng 
082 0 |a 338.4791  |2 (22) 
245 1 4 |a The economics of tourism and sustainable development /  |c edited by Alessandro Lanza, Anil Markandya, Francesco Pigliaru 
260 |a Cheltenham, UK :   |b E. Elgar,   |c 2005 
300 |a viii, 315 σ.;  |b εικ.;  |c 25 εκ. 
490 1 |a Fondazione Eni Enrico Mattei (FEEM) series on economics and the environment 
504 |a Περιέχει βιβλιογραφικές παραπομπές και ευρετήριο 
650 0 |a Sustainable development. 
650 0 |a Tourism. 
700 1 |a Lanza, Alessandro.  |4 edt 
700 1 |a Markandya, Anil,   |d 1945-  |4 edt 
700 1 |a Pigliaru, Francesco.  |4 edt 
830 0 |a Fondazione Eni Enrico Mattei (FEEM) series on economics and the environment 
852 |a INST  |b LESVOS  |e 20080314  |h 338.4791 ECO  |p 005100039372  |q 005100039372  |t BK  |y 0 
901 |a BIBL1-2008-1 
909 |a Λ  |b 146214 
922 |a 1ΕΛΗ  |b 200802  |c ΕΠΕΑΕΚ2/ΤΠ  |d ΠΑΠΑΣΩΤΗΡΙΟΥ 
970 |a ΚΑΡΑ  |b ΓΙΑΣΕΜΗ  |z 2008/03/14